00460nam a2200169 a 4500001001300000003000900013005001700022008004100039020000900080082001600089245005300105260004200158300000800200500003500208505002000243710002700263nice12345678IN_TiNIC20260116013800.0050524s1996 mana grp 000 0 eng  ac2000a954.17bMAN aSelect Documents of Jananeta Hijam Irawat, Vol.1 aManipurbManipur State Archivesc1996 a88p aincludes index and biblioraphy2 aAppendex, Index2 aManipur State Archives